World Capitals Closest to London - 15 Second Sprint - Statistics

General Stats
  • This quiz has been taken 29 times
  • The average score is 6 of 20
Answer Stats
km capital miles % Correct
464 Dublin 288
93%
343 Paris 213
93%
321 Brussels 199
78%
358 Amsterdam 223
70%
933 Berlin 579
52%
1155 Oslo 718
52%
1265 Madrid 786
37%
957 Copenhagen 595
30%
490 Luxembourg 304
30%
747 Bern 464
15%
1035 Prague 643
15%
850 Vaduz 528
11%
1236 Vienna 768
11%
1008 Andorra la Vella 627
4%
1032 Monaco 641
4%
1237 Tórshavn 769
4%
1289 Bratislava 801
0%
1229 Ljubljana 764
0%
1260 San Marino 783
0%
1339 Zagreb 832
0%
No matching quizzes found
Score Distribution
Percent of People with Each Score
Percentile by Number Answered
Your Score History
You have not taken this quiz